00751nam a2200217Ii 45000010005000000030009000050080041000140400033000550410008000880820014000961000031001102450032001412640059001733000012002323360026002443370028002703380027002989400050003259990017003759520141003928262CO-ViMGA241108s9999||||xx |||||||||||||| ||und|| aCO-ViMGAbspaerdacCO-ViMGA0 aunk04a465-G983a1 aAlfonso Gutiérrez95337410aApliquemos bien el alfabeto 1a[Lugar de publicación no identificado] : Andes, 1978 avolumen atextbtxt2rdacontent aunmediatedbn2rdamedia avolumebnc2rdacarrier aidficha_siabuc: 8077. -- ficha_no_siabuc:8262 c49972d49972 001040708001aMEVIGERRbMEVIGERRcGENd2006-11-27hVol.1o465-G983apECA8450r2024-11-26 10:01:31tEj.1w2024-11-26yBKz8077 | 11301